El peregrino : (diario de un mago) / Paulo Coelho

Shranjeno v:
Bibliografske podrobnosti
Glavni avtor: Coelho, Paulo (autor)
Format: Knjiga
Teme:
Oznake: Označite
Brez oznak, prvi označite!

MARC

LEADER 00000nam^a2200000^u^4500
001 000553114
005 20250521000000.0
008 060220s1000^^^^^^^^^^^^r^^^^^000^0^spa^d
009 20260310131629.904
022 |a 9700512460 
035 |a FMI 000022906 
037 |a Acervo Xavier Clavigero 
096 |a 9.1.1/27/D 
100 |a Coelho, Paulo  |e (autor) 
245 1 3 |a El peregrino : (diario de un mago) / Paulo Coelho 
264 |a México, D.F. : Grijalbo, 1988 
300 |a 222 p 
336 |a texto  |b txt  |2 rdacontenido 
337 |a sin mediación  |b n  |2 rdamedio 
338 |a volumen  |b nc  |2 rdasoporte 
649 |a XX 
650 |a Novela 
910 |a Fondo Francisco Migoya Covarrubias S.J. 
920 |a Impresos - Libros 
930 |a Fondos Especiales 
905 |a 134 
901 |a SBC30355  |b IT2  |c ESP  |u 20250521 
902 |a https://opac.biblio.iteso.mx/vufind/Record/000553114